Aktuálne otázky právneho režimu vybraných medzinárodných priestorov diplomová práca

Uložené v:
Podrobná bibliografia
Hlavný autor: Husárová, Terézia
Korporativný autor: Fakulta medzinárodných vzťahov EU. Katedra medzinárodného práva
Ďalší autori: Harakaľová, Dorota, 1989-
Médium: Kniha
Jazyk:Slovak
Vydavateľské údaje: Bratislava 2024
Tagy: Pridať tag
Žiadne tagy, Buďte prvý, kto otaguje tento záznam!

MARC

LEADER 00000nbm a2200000 4500
001 0300882
005 20250227085212.3
041 0 |a slo 
044 |a SK 
245 1 0 |a Aktuálne otázky právneho režimu vybraných medzinárodných priestorov  |b diplomová práca  |c Terézia Husárová ; školiteľ: Dorota Harakaľová 
264 1 |a Bratislava  |c 2024 
300 |a 73 s. 
100 1 |a Husárová, Terézia 
700 1 |a Harakaľová, Dorota, 1989- 
710 2 |a Fakulta medzinárodných vzťahov EU. Katedra medzinárodného práva